000 01689nam a22003857a 4500
003 CHAP
005 20220329135453.0
008 971013s1982 r 00010 d
010 _a37043
011 _a38015
035 _a42135
040 _cCHAP
082 _a972.083
_bM45
110 _aMéxico. Dirección General de Documentación y Análisis
_976975
245 _aDocumentos para la evaluación del sexenio, 1976-1982
260 _aMéxico, D.F. :
_bLa Dirección,
_c1982
300 _a4 v.
_b: ilus
505 _aContenido: v.1 Palabras y hechos.- v.2 El Ejecutivo ante el congreso.- v.3 El ejecutivo ante la nación y ante el mundo.- v.4 Legislación y documentos básicos
590 _aBATCH-UPD
_b10
_c20130110
_lUCH01
_h1807
590 _aBATCH-UPD
_b10
_c20130410
_lUCH01
_h1143
590 _aBATCH-UPD
_b10
_c20130914
_lUCH01
_h1546
590 _aBATCH-UPD
_b10
_c20161124
_lUCH01
_h1709
590 _aCONVERSION
_b10
_c20130109
_lUCH01
_h1321
650 1 4 _aGobierno federal
_zMéxico.
_948409
651 4 _aMéxico
_xPolítica y gobierno.
_976783
901 _aBK
942 _cLIBRO
949 _a972.083 M45
_bBC
_cLIBRO
_d33724000141131
_eLIBRO
_fv.4 t.4
_h59782
_i42135
_si
949 _a972.083 M45
_bBC
_cLIBRO
_d33724000141149
_eLIBRO
_fv.3
_h59784
_i42135
_si
949 _a972.083 M45
_bBC
_cLIBRO
_d33724000141198
_eLIBRO
_fv.1
_i42135
_si
949 _a972.083 M45
_bBC
_cLIBRO
_d33724000141206
_eLIBRO
_fv.4 t.1
_h59779
_i42135
_si
949 _a972.083 M45
_bBC
_cLIBRO
_d33724000141214
_eLIBRO
_fv.4 t.2
_h59780
_i42135
_si
949 _a972.083 M45
_bBC
_cLIBRO
_d33724000141222
_eLIBRO
_fv.4 t.3
_h59781
_i42135
_si
949 _a972.083 M45
_bBC
_cLIBRO
_d33724000141230
_eLIBRO
_fv.2
_h59783
_i42135
_si
999 _c37043
_d37043